Il corpo dato per amore (Record n. 217082)
[ formato base ]
| 000 -LEADER | |
|---|---|
| fixed length control field | 01336nam a2200205Ia 4500 |
| 001 - CONTROL NUMBER | |
| control field | A2084-51683 |
| 003 - CONTROL NUMBER IDENTIFIER | |
| control field | IT-MiCISF |
| 008 - FIXED-LENGTH DATA ELEMENTS--GENERAL INFORMATION | |
| fixed length control field | 161014s9999||||xx |||||||||||||| ||und|| |
| 040 ## - CATALOGING SOURCE | |
| Original cataloging agency | IT-MiCISF |
| Transcribing agency | IT-MiCISF |
| 041 ## - LANGUAGE CODE | |
| Language code of text/sound track or separate title | it |
| 999 ## - SYSTEM CONTROL NUMBERS (KOHA) | |
| Koha Dewey Subclass [OBSOLETE] | si |
| 100 ## - MAIN ENTRY--PERSONAL NAME | |
| Personal name | Bonetti Renzo |
| 245 #0 - TITLE STATEMENT | |
| Title | Il corpo dato per amore |
| Remainder of title | Meditazioni per coppie su Eucaristia e matrimonio # |
| 250 ## - EDITION STATEMENT | |
| Edition statement | 1a ed. |
| 260 ## - PUBLICATION, DISTRIBUTION, ETC. (IMPRINT) | |
| Place of publication, distribution, etc. | Roma |
| Name of publisher, distributor, etc. | Città Nuova |
| Date of publication, distribution, etc. | 2011 |
| 300 ## - PHYSICAL DESCRIPTION | |
| Extent | pp. 174 |
| 500 ## - GENERAL NOTE | |
| General note | / Pastorale-familiare, coppia, spiritualità-coniugale, rapporti-uomo-donna / Il volume propone un percorso di crescita spirituale nella vita di coppia. Si tratta di un libro che non si può leggere tutto d'un fiato perché ogni pagina è una poesia da lasciar scendere nel cuore, una preghiera che trasforma dal di dentro la vita matrimoniale, una meditazione da condividere con "chi ci ha rapito il cuore", un'adorazione eucaristica che rende la nostra famiglia chiesa domestica. In questo modo, l'A. - già direttore dell'Ufficio famiglia della CEI e presidente della Fondazione "Famiglia Dono Grande", ci porta a gustare l'insegnamento del magistero della Chiesa sul sacramento del matrimonio, dando prova di saperlo usare come balsamo prezioso per la vita matrimoniale degli sposi. |
| 650 ## - SUBJECT ADDED ENTRY--TOPICAL TERM | |
| Topical term or geographic name as entry element | Temi di pastorale / matrimonio |
| Relator term | 012 |
| 942 ## - ADDED ENTRY ELEMENTS (KOHA) | |
| Koha item type | LIBRO |
| 957 ## - | |
| -- | 1 |
| 999 ## - SYSTEM CONTROL NUMBERS (KOHA) | |
| -- | 1 |
| Withdrawn status | Lost status | Damaged status | Not for loan | Home library | Current library | Date acquired | Total Checkouts | Full call number | Date last seen | Price effective from | Koha item type | Public note |
|---|---|---|---|---|---|---|---|---|---|---|---|---|
| Buone Condizioni | Not For Loan | CISF - Milano | CISF - Milano | 14/10/2016 | A2084-51683 | 14/10/2016 | 14/10/2016 | LIBRO | Data import 15.10.2016 / by Epidotti, Vaglietti |